INDIAN INTERIORS (Record no. 33213)

MARC details
000 -LEADER
fixed length control field 00324nam a22001457a 4500
003 - CONTROL NUMBER IDENTIFIER
control field SGT
020 ## - INTERNATIONAL STANDARD BOOK NUMBER
International Standard Book Number 978-3-8365-0995-4
082 ## - DEWEY DECIMAL CLASSIFICATION NUMBER
Classification number 747.0954
Item number TAS
100 ## - MAIN ENTRY--PERSONAL NAME
Personal name TASCHEN, ANGELIKA
245 ## - TITLE STATEMENT
Title INDIAN INTERIORS
260 ## - PUBLICATION, DISTRIBUTION, ETC. (IMPRINT)
Place of publication, distribution, etc H.K.
Name of publisher, distributor, etc TASCHEN PUB.
Year of Publication 2009
300 ## - PAGE DESCRIPTION
No. of Pages 279
650 ## - SUBJECT ADDED ENTRY--TOPICAL TERM
Topical term or geographic name as entry element INDIAN INTERIORS
942 ## - ADDED ENTRY ELEMENTS (KOHA)
Source of classification or shelving scheme Dewey Decimal Classification
Koha item type Books
Holdings
Withdrawn status Lost status Source of classification or shelving scheme Damaged status Not for loan Home library Current library Shelving location Date acquired Vendor Name Cost, normal purchase price SGTU Bill Number Total Checkouts Full call number Accession No. (Barcode) Date last seen Bill Date Koha item type
    Dewey Decimal Classification     SGT Science & Social Sciences Library SGT Science & Social Sciences Library Reference Book 18/11/2025 BIRJWASI 3000.00 SGTU BW/000232   747.0954 TAS FF865 18/11/2025 06/10/2025 Books
    Dewey Decimal Classification     SGT Science & Social Sciences Library SGT Science & Social Sciences Library Reference Book 18/11/2025 BIRJWASI 3000.00 SGTU BW/000232   747.0954 TAS FF866 18/11/2025 06/10/2025 Books